000 00677nam a22001937a 4500
005 20170620142146.0
010 _aENG-118807
020 _a9788193183441
_c800.00
035 _aEN-102339
037 _bDBAD/PUB
082 _a378.19822
100 _aKumari, B. Ratna
245 _aImpact assessment on reservation policy of women in higher education /
_cby B. Ratna Kumari [and] P. Usha
260 _aVisakhapatanam
_bUday Publishing House
_c2016
270 _aF.No.-507, B-2 Block Ganga Godavari, VUDA Apt. Industrial Estate, Visakhapatanam-530007
300 _axviii,178p
_c21cm.(Hb)
500 _aIncludes Index
942 _2ddc
_cEN
_h378.19822
_mKUM
999 _c141484
_d141484